Ilustrovaný encyklopedický slovník

Saved in:
Bibliographic Details
Format: Book
Language:Slovak
Published: Bratislava Academia 1980
Tags: Add Tag
No Tags, Be the first to tag this record!

MARC

LEADER 00000nam a2200000 4500
001 c111153
005 20221128065845.6
041 0 |a slo 
044 |a SK 
245 1 0 |a Ilustrovaný encyklopedický slovník 
264 1 |a Bratislava  |b Academia  |c 1980 
300 |a 970 s.